000 00930nam a22002657a 4500
001 BR7700819
003 BR-BrBNA
005 20230928085202.0
007 ta
008 230509b bl.||||| |||| 00| 0 por d
040 _aBR-BrBNA
_bpor
_cBiblioteca Nacional de Agricultura
041 _a(Por)
072 _aH70; H20
_b4020
090 _ 4020 BR7700819
100 1 _aCastro, C.
110 1 _aEscola Superior de Agricultura Luiz de Queiroz, Piracicaba, SP (Brasil)
_0Tese (Mestre em Fitopatologia)
245 1 _aMudancas em esporulacao e patogenicidade de Helminthosporium sativum Pamm., King Bakke atraves de passagens seriadas em hospedeiros [Fungo]
260 3 _aPiracicaba, SP (Brasil):
_c1976.
300 _a59 p.
500 _a18 tables; Bibliography p. 40-48 (73 ref.); Summaries (Eng, Por); Microficha
650 _aHelmintosporiose
650 _aFungo
909 _a202309
_bLucia
_c55
_dLucia Elande
942 _cBK
999 _c23180
_d23180